000 00618nam a2200193Ia 4500
008 230125s9999 xx 000 0 und d
020 _a81-87671-07-6
041 _aeng
082 _a823
_bBAG
100 _aCanfield J
_9106707
245 _aA 4th Course of Chicken Soup for the Soul
260 _c2000
_bWestland Publications
_aNew Delhi
300 _a350p
440 _aChicken Soup for the Soul Series Book
_9106708
500 _aLiterature;Short stories;English Literature;Series Book;Chicken Soup for the Soul Series Book
650 _aGeneral
_9106709
700 _aCanfield J
_9106707
999 _c84198
_d84198